Manchester United Academy Graduates - Statistics

General Stats
  • This quiz has been taken 76 times
  • The average score is 38 of 250
Answer Stats
# Player Début Age % Correct
216 Marcus Rashford 25 February 2016 18
82%
138 Phil Neville 28 January 1995 18
78%
127 Gary Neville 16 September 1992 17
76%
128 David Beckham 23 September 1992 17
74%
133 Paul Scholes 21 September 1994 19
74%
246 Kobbie Mainoo 10 January 2023 17
72%
244 Alejandro Garnacho 28 April 2022 17
70%
41 Bobby Charlton 6 October 1956 18
66%
124 Ryan Giggs 2 March 1991 17
66%
65 George Best 14 September 1963 17
62%
207 Jesse Lingard 16 August 2014 21
56%
227 Mason Greenwood 6 March 2019 17
52%
129 Nicky Butt 21 November 1992 17
50%
221 Scott McTominay 7 May 2017 20
48%
174 David Jones 1 December 2004 20
46%
20 Mark Jones 7 October 1950 17
46%
236 Dean Henderson 22 September 2020 23
44%
29 Duncan Edwards 4 April 1953 16
44%
46 Peter Jones 19 October 1957 19
44%
177 Ritchie Jones 26 October 2005 19
44%
185 Jonny Evans 19 August 2007 19
42%
195 Paul Pogba 20 September 2011 18
42%
228 Brandon Williams 25 September 2019 19
40%
151 John O'Shea 13 October 1999 18
40%
81 Paul Edwards 19 August 1969 21
40%
146 Wes Brown 4 May 1998 18
40%
238 Anthony Elanga 11 May 2021 19
38%
13 Berry Brown 31 January 1948 20
38%
164 Darren Fletcher 12 March 2003 19
38%
120 David Wilson 23 November 1988 19
38%
204 James Wilson 6 May 2014 18
38%
148 Mark Wilson 21 October 1998 19
38%
248 Willy Kambwala 23 December 2023 19
38%
243 Charlie Savage 8 December 2021 21
36%
249 Omari Forson 8 January 2024 18
36%
88 Peter Fletcher 14 April 1973 19
36%
219 Axel Tuanzebe 29 January 2017 19
34%
247 Dan Gore 26 September 2023 19
34%
250 Ethan Wheatley 24 April 2024 18
34%
226 James Garner 27 February 2019 17
34%
203 Adnan Januzaj 11 August 2013 18
32%
187 Danny Welbeck 23 September 2008 17
32%
239 Hannibal Mejbri 23 May 2021 18
32%
198 Michael Keane 25 October 2011 19
32%
241 Tom Heaton 8 December 2021 35
32%
199 Will Keane 31 December 2011 18
32%
107 Mark Hughes 26 October 1983 19
30%
210 Reece James 26 August 2014 20
30%
206 Tyler Blackett 16 August 2014 20
30%
209 Andreas Pereira 26 August 2014 18
28%
222 Angel Gomes 21 May 2017 16
28%
213 Cameron Borthwick-Jackson 7 November 2015 18
28%
123 Darren Ferguson 26 February 1991 19
28%
191 Federico Macheda 5 April 2009 17
28%
220 Joel Pereira 29 January 2017 20
28%
79 Steve James 12 October 1968 18
28%
225 Tahith Chong 5 January 2019 19
28%
217 Timothy Fosu-Mensah 28 February 2016 18
26%
194 Tom Cleverley 7 August 2011 21
26%
211 Paddy McNair 27 September 2014 19
24%
237 Shola Shoretire 21 February 2021 17
24%
240 Will Fish 23 May 2021 17
24%
245 Charlie McNeill 8 September 2022 18
22%
214 Donald Love 3 February 2016 21
22%
197 Larnell Cole 20 September 2011 18
22%
188 Ben Amos 23 September 2008 18
20%
186 Danny Simpson 26 September 2007 20
20%
193 Ravel Morrison 26 October 2010 17
20%
235 Teden Mengi 5 August 2020 18
20%
166 Chris Eagles 28 October 2003 17
18%
178 Darron Gibson 26 October 2005 18
18%
172 Gerard Pique 26 October 2004 17
18%
9 Johnny Morris 26 October 1946 23
18%
180 Kieran Lee 25 October 2006 18
18%
110 Clayton Blackmore 16 May 1984 19
16%
18 Don Gibson 26 August 1950 21
16%
192 Joshua King 23 September 2008 17
16%
58 Nobby Stiles 1 October 1960 18
16%
168 Phil Bardsley 3 December 2003 18
16%
135 Simon Davies 21 September 1994 20
16%
205 Tom Lawrence 6 May 2014 20
16%
82 Tony Young 29 August 1970 17
16%
242 Zidane Iqbal 8 December 2021 18
16%
106 Alan Davies 1 May 1982 20
14%
167 Eddie Johnson 28 October 2003 19
14%
230 Ethan Laird 28 November 2019 18
14%
152 Luke Chadwick 13 October 1999 18
14%
182 Ryan Shawcross 25 October 2006 19
14%
4 Stan Pearson 13 November 1937 18
14%
112 Stephen Pears 12 January 1985 22
14%
73 Brian Kidd 12 August 1967 18
12%
136 Chris Casper 21 September 1994 19
12%
26 David Pegg 6 December 1952 17
12%
224 Demetri Mitchell 21 May 2017 20
12%
31 Dennis Viollet 11 April 1953 19
12%
229 Di'Shon Bernard 28 November 2019 19
12%
231 Dylan Levitt 28 November 2019 19
12%
184 Fraizier Campbell 19 August 2007 19
12%
173 Giuseppe Rossi 10 November 2004 17
12%
11 Johnny Anderson 20 December 1947 26
12%
130 Keith Gillespie 5 January 1993 17
12%
137 Kevin Pilkington 19 November 1994 20
12%
117 Lee Martin 9 May 1988 20
12%
176 Lee Martin 26 October 2005 18
12%
122 Mark Bosnich 30 April 1990 18
12%
49 Mark Pearson 19 February 1958 18
12%
119 Mark Robins 12 October 1988 18
12%
115 Tony Gill 3 January 1987 18
12%
66 Willie Anderson 28 December 1963 16
12%
131 Ben Thornley 26 February 1994 18
10%
50 Bobby Harrop 5 March 1958 21
10%
132 Colin McKee 8 May 1994 20
10%
64 David Sadler 24 August 1963 17
10%
10 James Pegg 15 November 1947 21
10%
170 Jonathan Spector 25 August 2004 18
10%
223 Josh Harrop 21 May 2017 21
10%
162 Kieran Richardson 23 October 2002 18
10%
105 Norman Whiteside 24 April 1982 16
10%
155 Paul Rachubka 11 January 2000 18
10%
86 Sammy McIlroy 6 November 1971 17
10%
48 Shay Brennan 19 February 1958 20
10%
212 Tom Thorpe 27 September 2014 21
10%
196 Zeki Fryers 20 September 2011 18
10%
27 Bill Foulkes 13 December 1952 20
8%
36 Billy Whelan 26 March 1955 19
8%
147 Danny Higginbotham 10 May 1998 19
8%
161 Danny Pugh 18 September 2002 19
8%
157 Danny Webber 28 November 2000 18
8%
233 Ethan Galbraith 28 November 2019 19
8%
114 Gary Walsh 13 December 1986 18
8%
159 Jimmy Davis 5 November 2001 19
8%
3 Johnny Carey 25 September 1937 18
8%
134 John O'Kane 21 September 1994 19
8%
160 Lee Roche 5 November 2001 21
8%
141 Michael Clegg 23 November 1996 19
8%
150 Nick Culkin 22 August 1999 21
8%
143 Phil Mulryne 14 October 1997 19
8%
144 Ronnie Wallwork 25 October 1997 20
8%
118 Russell Beardsmore 24 September 1988 19
8%
139 Terry Cooke 16 September 1995 19
8%
175 Adam Eckersley 26 October 2005 20
6%
93 Arthur Albiston 9 October 1974 17
6%
90 Brian Greenhoff 8 September 1973 20
6%
158 Daniel Nardiello 5 November 2001 19
6%
154 David Healy 13 October 1999 20
6%
94 David McCreery 15 October 1974 17
6%
232 D'Mani Mellor 28 November 2019 19
6%
24 Eddie Lewis 29 November 1952 17
6%
218 James Weir 28 February 2016 20
6%
95 Jimmy Nicholl 5 April 1975 18
6%
8 John Aston Snr 18 September 1946 25
6%
142 John Curtis 14 October 1997 19
6%
23 Johnny Scott 4 October 1952 18
6%
234 Largie Ramazani 28 November 2019 18
6%
156 Michael Stewart 31 October 2000 19
6%
190 Richard Eckersley 24 January 2009 19
6%
202 Robbie Brady 26 September 2012 20
6%
200 Ryan Tunnicliffe 26 September 2012 19
6%
34 Albert Scanlon 20 November 1954 19
4%
116 Deiniol Graham 7 October 1987 18
4%
63 Dennis Walker 20 May 1963 18
4%
121 Derek Brazil 10 May 1989 20
4%
39 Eddie Colman 12 November 1955 19
4%
35 Geoff Bent 11 December 1954 22
4%
44 Gordon Clayton 16 March 1957 20
4%
109 Graeme Hogg 7 January 1984 19
4%
22 Jackie Blanchflower 24 November 1951 18
4%
215 Joe Riley 22 February 2016 19
4%
53 Johnny Giles 12 September 1959 18
4%
163 Mads Timm 29 October 2002 17
4%
165 Mark Lynch 18 March 2003 21
4%
101 Martyn Rogers 22 October 1977 17
4%
145 Michael Twiss 25 February 1998 20
4%
113 Nicky Wood 26 December 1985 19
4%
153 Richie Wellens 13 October 1999 19
4%
60 Ronnie Briggs 21 January 1961 17
4%
208 Saidy Janko 26 August 2014 18
4%
171 Sylvan Ebanks-Blake 26 October 2004 18
4%
83 Willie Watson 26 September 1970 20
4%
68 Albert Kinsey 9 January 1965 19
2%
45 Alex Dawson 22 April 1957 17
2%
149 Alex Notman 2 December 1998 18
2%
102 Andy Ritchie 26 December 1977 17
2%
71 Bobby Noble 9 April 1966 20
2%
7 Charlie Mitten 31 August 1946 25
2%
42 David Gaskell 24 October 1956 16
2%
181 David Gray 25 October 2006 18
2%
57 Ian Moir 1 October 1960 17
2%
55 Jimmy Nicholson 20 August 1960 17
2%
72 Jimmy Ryan 4 May 1966 20
2%
51 Joe Carolan 22 November 1958 21
2%
69 John Fitzpatrick 24 February 1965 18
2%
100 Jonathan Clark 10 November 1976 17
2%
47 Kenny Morgans 21 December 1957 18
2%
30 Les Olive 11 April 1953 24
2%
140 Michael Appleton 23 October 1996 20
2%
183 Michael Barnes 25 October 2006 18
2%
103 Mike Duxbury 23 August 1980 20
2%
32 Paddy Kennedy 2 October 1954 19
2%
169 Paul Tierney 3 December 2003 21
2%
62 Phil Chisnall 2 December 1961 18
2%
179 Phil Marsh 25 October 2006 19
2%
52 Reg Hunter 27 December 1958 20
2%
201 Scott Wootton 26 September 2012 21
2%
99 Steve Paterson 29 September 1976 18
2%
85 Tommy O'Neil 5 May 1971 18
2%
38 Wilf McGuinness 8 October 1955 17
2%
76 Alan Gowling 30 March 1968 19
0%
89 Arnie Sidebottom 23 April 1973 19
0%
111 Billy Garton 26 September 1984 19
0%
19 Billy Redman 7 October 1950 22
0%
14 Brian Birch 27 August 1949 17
0%
78 Carlo Sartori 9 October 1968 20
0%
21 Cliff Birkett 2 December 1950 17
0%
91 Clive Griffiths 27 October 1973 18
0%
80 Don Givens 9 August 1969 20
0%
74 Francis Burns 2 September 1967 18
0%
15 Frank Clempson 18 February 1950 19
0%
56 Frank Haydock 20 August 1960 19
0%
75 Frank Kopel 9 September 1967 18
0%
33 Freddie Goodwin 20 November 1954 21
0%
59 Harold Bratt 2 November 1960 21
0%
84 Ian Donald 7 October 1970 18
0%
126 Ian Wilkinson 9 October 1991 18
0%
2 Jackie Wassall 9 November 1935 18
0%
189 James Chester 20 January 2009 19
0%
16 Jeff Whitefoot 15 April 1950 16
0%
5 Jimmy Hanlon 26 November 1938 21
0%
97 Jimmy Kelly 20 December 1975 18
0%
77 Jimmy Rimmer 15 April 1968 20
0%
6 Joe Walton 26 January 1946 20
0%
70 John Aston Jnr 12 April 1965 17
0%
87 John Connaughton 4 April 1972 22
0%
25 John Doherty 6 December 1952 17
0%
108 Mark Dempsey 2 November 1983 19
0%
54 Nobby Lawton 9 February 1960 20
0%
28 Noel McFarlane 13 February 1953 19
0%
92 Paul Bielby 13 March 1974 17
0%
125 Paul Wratten 2 April 1991 20
0%
98 Peter Coyne 24 April 1976 17
0%
40 Ronnie Cope 29 September 1956 21
0%
12 Sammy Lynn 3 January 1948 27
0%
61 Sammy McMillan 4 November 1961 20
0%
104 Scott McGarvey 13 September 1980 17
0%
1 Tom Manley 5 December 1931 19
0%
17 Tom McNulty 15 April 1950 20
0%
96 Tony Grimshaw 10 September 1975 17
0%
43 Tony Hawksworth 27 October 1956 17
0%
37 Walter Whitehurst 14 September 1955 21
0%
67 Wilf Tranter 7 March 1964 19
0%
No matching quizzes found
Score Distribution
Percent of People with Each Score
Percentile by Number Answered
Your Score History
You have not taken this quiz